• 首页
  • 本馆介绍
  • 公告通知
  • 最新文献
  • 馆藏检索
  • 电子资源
  • 读者导购
  • 参考咨询
  • 我的图书馆
  • 登录
  • 详细信息显示
  • 放入我的书架
  • 预约/预借图书
  • 作者相关作品
  • 分类相关作品
  • 丛书相关作品
  • 出版社相关作品

书目信息

  • 表格格式
  • 工作单格式
  • 卡片格式
题名:
工业企业全面计划管理
    
 
作者: 刘春勤 编著
分册:  
出版信息: 北京   中国铁道出版社  1988
页数: 176页
开本: 20cm
丛书名: 现代管理方法丛书
单 册:
中图分类: F40
科图分类:
主题词: 工业经济--经济理论
电子资源:
ISBN:
000 00626nam0 2200217 450
001 0660368749
005 20060810104905.75
010    @dCNY2.50
100    @a20060809d1988 km y0chiy0120 ea
101 0  @achi
102    @aCN@b110000
200 1  @a工业企业全面计划管理@Agong ye qi ye quan mian ji hua guan li@f刘春勤编著@Fliu chun qin bian zhu
210    @a北京@c中国铁道出版社@d1988
215    @a176页@d20cm
225 2  @a现代管理方法丛书
410  0 @12001 @a现代管理方法丛书
606 0  @a工业经济@x经济理论
690    @aF40@v3
701  0 @a刘春勤@Aliu chun qin@4编著
801  0 @aCN@bPFT@c20060810
905    @a10447@dF40@e149
    
    工业企业全面计划管理/刘春勤编著.-北京:中国铁道出版社,1988
    176页;20cm.-(现代管理方法丛书)
    
    
    ISBN :CNY2.50
    
●
相关链接 在E读中查询图书 在五车中查询图书 在当当中查询图书 在豆瓣中查询图书


正题名:工业企业全面计划管理     索取号:F40/149         预约/预借

序号 登录号 条形码 馆藏地/架位号 状态 备注
1 0448096   204480962   密集书库/ [索取号:F40/149] 在馆    
2 0448097   204480971   密集书库/ [索取号:F40/149] 在馆    
3 0448381   204483816   密集书库/ [索取号:F40/149] 在馆    
4 0448382   204483825   密集书库/ [索取号:F40/149] 在馆    
唐山师范学院图书馆 欢迎您!
大连网信软件有限公司© 版权所有